00409 2200157 4500001002100000008004100021035002000062245004300082100001600125260003200141300002200173020002200195084001400217082000800231990001200239INLIS000000000002804 IND  a0010-0925000151 aMalam Minggu Untuk JinggacAnita Utami aAnita Utami aJakartabRumah Oranyec2014 a224c(13 x 19 cm) a978-602-1588-88-9 a813 ANI m a813 a0755026